| 000 | 00960nam a2200241Ia 4500 | ||
|---|---|---|---|
| 003 | OSt | ||
| 005 | 20200806113016.0 | ||
| 008 | 191128s2007 ck gr 000 0 spa d | ||
| 020 | _a9789588307244 | ||
| 040 |
_aCO-JMCR _cCO-JMCR |
||
| 041 | 0 | _aspa | |
| 082 | 0 | 4 |
_a364.168 / _bS136g _223 |
| 100 | 1 |
_aAllan Schott, Paul, _eautor _98479 |
|
| 245 | 1 | 0 |
_aGuía de referencia para el antilavado de activos y la lucha contral el financiamiento del terrorismo / _cPaul Allan Schott |
| 250 | _aPrimera edición | ||
| 260 |
_aBogotá : _bBanco Mundial ; Mayol Ediciones, _c2007. |
||
| 300 |
_a258 páginas ; _c24 cm. |
||
| 505 | 0 | _aEl problema y la respuesta internacional -- El lavado de activos afecta el desarrollo -- Organismos internacionales emisores de estándares -- Organismos regionales y grupos relevantes | |
| 650 | 1 | 4 |
_aLavado de activos _98368 |
| 650 | 2 | 4 |
_aAcción financiera _98480 |
| 650 | 2 | 4 |
_aSobre _xLavado de activos _98481 |
| 942 |
_2ddc _cBK |
||
| 999 |
_c5976 _d5976 |
||